[Event "Verden op-B"]
[Site "Verden"]
[Date "2023.01.07"]
[Round "5"]
[White "Lossin, Charlotte"]
[Black "Walther, Jonas"]
[Result "0-1"]
[WhiteElo "1533"]
[BlackElo "1770"]
[PlyCount "54"]
[EventDate "2023.01.05"]
[EventType "swiss"]
[EventRounds "7"]
[EventCountry "GER"]
[SourceTitle "CBM 212 Extra"]
[Source "ChessBase"]
[SourceDate "2023.03.31"]
[SourceVersion "1"]
[SourceVersionDate "2023.03.31"]
[SourceQuality "1"]

1. d4 g6 2. Nf3 d6 3. Nc3 Bg7 4. e4 Nd7 5. Be3 Ngf6 6. Bd3 0-0 7. h3 e5 8. d5 c6 9. Qd2 cxd5 10. Bh6 d4 11. Ne2 d5 12. Bxg7 Kxg7 13. Ng3 dxe4 14. Bxe4 Nc5 15. Qe2 Ncxe4 16. Nxe4 Nxe4 17. Qxe4 Qa5+ 18. Nd2 Bf5 19. Qxb7 Rab8 20. b4 Rxb7 21. bxa5 Rc8 22. 0-0 Rxc2 23. Nb3 Be6 24. Rfe1 d3 25. Rxe5 d2 26. Rd1 Bxb3 27. axb3 Rc1 0-1

[Event "Verden op-B"]
[Site "Verden"]
[Date "2023.01.05"]
[Round "1"]
[White "Lossin, Charlotte"]
[Black "Schwenke, Stefan"]
[Result "0-1"]
[WhiteElo "1533"]
[BlackElo "1818"]
[PlyCount "80"]
[EventDate "2023.01.05"]
[EventType "swiss"]
[EventRounds "7"]
[EventCountry "GER"]
[SourceTitle "CBM 212 Extra"]
[Source "ChessBase"]
[SourceDate "2023.03.31"]
[SourceVersion "1"]
[SourceVersionDate "2023.03.31"]
[SourceQuality "1"]

1. d4 e6 2. Nf3 d5 3. e3 b6 4. Bd3 Bb7 5. c3 Bd6 6. 0-0 Nf6 7. Nbd2 Ne4 8. Ne5 Nd7 9. f4 0-0 10. Qf3 f5 11. Bxe4 fxe4 12. Qh3 Qe7 13. Nb3 Bxe5 14. dxe5 c5 15. Bd2 a5 16. Be1 b5 17. Bh4 Qf7 18. a3 a4 19. Nd2 Ba6 20. Rfc1 Nb6 21. Rab1 Rfc8 22. Qg4 Rc6 23. b4 axb3 24. Nxb3 Nc4 25. Re1 Nxa3 26. Rbc1 Rac8 27. Na5 Rb6 28. Nb3 Nc4 29. Qe2 b4 30. cxb4 Nxe5 31. Qa2 Nd3 32. Qa5 Qc7 33. Nxc5 Nxc1 34. Rxc1 Bc4 35. Bg3 Qc6 36. Ra1 Rbb8 37. Qa3 Ra8 38. Qb2 Rxa1+ 39. Qxa1 Ra8 40. Qe5 Kf7 0-1

[Event "BL 2122 (Women)"]
[Site "Germany"]
[Date "2022.03.19"]
[Round "5.6"]
[White "Giebel, Christine"]
[Black "Lossin, Charlotte"]
[Result "1-0"]
[WhiteElo "1833"]
[BlackElo "1527"]
[PlyCount "61"]
[EventDate "2021.11.27"]
[EventType "team-tourn"]
[EventRounds "11"]
[EventCountry "GER"]
[SourceTitle "EXT 2023"]
[Source "ChessBase"]
[SourceDate "2022.10.05"]
[SourceVersion "1"]
[SourceVersionDate "2022.10.05"]
[SourceQuality "1"]
[WhiteTeam "Loeberitz (W)"]
[BlackTeam "Lehrte (W)"]
[WhiteTeamCountry "GER"]
[BlackTeamCountry "GER"]

1. e4 e6 2. d4 d5 3. Nc3 Nf6 4. e5 Nfd7 5. f4 c5 6. Nf3 Nc6 7. Ne2 Qb6 8. c3 cxd4 9. cxd4 Be7 10. Nc3 f6 11. Be2 0-0 12. a3 a6 13. b4 Qa7 14. Na4 b5 15. Nc5 Nb6 16. 0-0 Nc4 17. Kh1 Kh8 18. Qe1 Qc7 19. Bd3 a5 20. Bxc4 dxc4 21. Bd2 a4 22. Bc3 fxe5 23. fxe5 Rf4 24. Qg3 Rf8 25. Ng5 Bxc5 26. bxc5 Qe7 27. Ne4 Ba6 28. Nd6 Qd7 29. Rf3 Rxf3 30. Qxf3 Rd8 31. Nf7+ 1-0

[Event "Niedersachsen-ch op-B"]
[Site "Verden an der Aller"]
[Date "2020.01.02"]
[Round "2"]
[White "Schmugge, Jens"]
[Black "Lossin, Charlotte"]
[Result "1/2-1/2"]
[WhiteElo "1663"]
[BlackElo "1499"]
[PlyCount "92"]
[EventDate "2020.01.02"]
[EventType "swiss"]
[EventRounds "7"]
[EventCountry "GER"]
[SourceTitle "EXT 2023"]
[Source "ChessBase"]
[SourceDate "2022.10.05"]
[SourceVersion "1"]
[SourceVersionDate "2022.10.05"]
[SourceQuality "1"]

1. e4 e5 2. Nf3 Nc6 3. Bc4 Bc5 4. c3 Nf6 5. 0-0 Nxe4 6. d4 exd4 7. cxd4 Be7 8. Re1 d5 9. Bb5 0-0 10. Bxc6 bxc6 11. Ne5 Qd6 12. f3 Nf6 13. Nxc6 Qxc6 14. Rxe7 Be6 15. Bf4 Rfc8 16. Qd2 Rab8 17. Qa5 Ne8 18. Na3 Kf8 19. Rc1 Qb6 20. Qxb6 axb6 21. Rexc7 Nxc7 22. Rxc7 Rxc7 23. Bxc7 Rb7 24. Nb5 Kg8 25. Bf4 Bd7 26. Nc3 Bc6 27. b4 b5 28. Kf2 h6 29. a3 g5 30. Be5 Ra7 31. Nb1 Ra8 32. Kg3 Bd7 33. Nc3 Rxa3 34. Nxd5 Be6 35. Nc7 Bc4 36. Kg4 Ra2 37. Kh5 Rxg2 38. Kxh6 Be2 39. Nd5 Kf8 40. Nf6 Ke7 41. d5 Bxf3 42. d6+ Kd8 43. Kg7 Re2 44. Bd4 Bc6 45. Kxf7 Rxh2 46. Ke6 Re2+ 1/2-1/2

[Event "Niedersachsen-ch op B"]
[Site "Verden"]
[Date "2019.01.06"]
[Round "7"]
[White "Lossin, Charlotte"]
[Black "Wilmink, Anna"]
[Result "1/2-1/2"]
[WhiteElo "1557"]
[BlackElo "1402"]
[PlyCount "100"]
[EventDate "2019.01.03"]
[EventType "swiss"]
[EventRounds "7"]
[EventCountry "GER"]
[SourceTitle "EXT 2022"]
[Source "ChessBase"]
[SourceDate "2021.10.06"]
[SourceVersion "1"]
[SourceVersionDate "2021.10.06"]
[SourceQuality "1"]

1. c4 e6 2. Nc3 b6 3. e3 Bb7 4. d4 Nf6 5. Nf3 g6 6. Bd3 Bg7 7. 0-0 0-0 8. e4 d6 9. Bg5 Nbd7 10. b4 e5 11. d5 a5 12. a3 Ba6 13. Qd2 Qe7 14. Rfb1 Rfb8 15. Qc1 Ra7 16. Nb5 Bxb5 17. cxb5 axb4 18. axb4 Rba8 19. Ra6 Nb8 20. Rxa7 Rxa7 21. Ra1 Rxa1 22. Qxa1 Nbd7 23. Qa8+ Qf8 24. Qb7 Qb8 25. Qxb8+ Nxb8 26. h3 Nbd7 27. Ne1 h6 28. Bd2 Nh7 29. f4 f6 30. h4 h5 31. Be2 Kf7 32. g4 hxg4 33. Bxg4 Ndf8 34. fxe5 fxe5 35. Nf3 Bf6 36. Kg2 Ke7 37. Kg3 Kf7 38. h5 gxh5 39. Bxh5+ Ke7 40. Kg4 Kd7 41. Kf5 Ke7 42. Bh6 Nd7 43. Nh2 Bh4 44. Nf3 Bf6 45. Bg6 Nhf8 46. Ng5 Nxg6 47. Kxg6 Bxg5 48. Bxg5+ Ke8 49. Kf5 Nb8 50. Ke6 Nd7 1/2-1/2

[Event "Niedersachsen-ch op B"]
[Site "Verden"]
[Date "2019.01.05"]
[Round "5"]
[White "Lossin, Charlotte"]
[Black "Marzik, Arne"]
[Result "1-0"]
[WhiteElo "1557"]
[BlackElo "1328"]
[PlyCount "115"]
[EventDate "2019.01.03"]
[EventType "swiss"]
[EventRounds "7"]
[EventCountry "GER"]
[SourceTitle "EXT 2022"]
[Source "ChessBase"]
[SourceDate "2021.10.06"]
[SourceVersion "1"]
[SourceVersionDate "2021.10.06"]
[SourceQuality "1"]

1. c4 Nf6 2. Nc3 e5 3. e3 Bb4 4. d4 Bxc3+ 5. bxc3 Qe7 6. Qc2 d6 7. Nf3 0-0 8. Ba3 Nc6 9. d5 Nd8 10. e4 c5 11. Bd3 Bg4 12. Nd2 Nh5 13. h3 Bd7 14. 0-0 f6 15. Bc1 g5 16. Be2 Nf4 17. Bg4 Bxg4 18. hxg4 Ne2+ 19. Kh2 Qg7 20. g3 h5 21. gxh5 g4 22. Kg2 Kf7 23. Qd3 Nxc1 24. Raxc1 Rh8 25. Rh1 Ke7 26. Qe3 Rh6 27. Rb1 b6 28. a4 Nb7 29. Rh4 Rah8 30. Rbh1 Nd8 31. f3 gxf3+ 32. Qxf3 Nf7 33. Qf5 Ng5 34. Nf3 Nxf3 35. Kxf3 Kd8 36. g4 Qg5 37. R4h2 Rg8 38. Rb1 Rg7 39. a5 Rb7 40. axb6 Rxb6 41. Rxb6 axb6 42. Ra2 Qxf5+ 43. exf5 Kd7 44. Ra7+ Kd8 45. Rb7 Ke8 46. Rxb6 Ke7 47. Rb7+ Ke8 48. Rg7 Rh8 49. Rg6 Kf7 50. g5 fxg5 51. Kg4 Rg8 52. Kxg5 Rxg6+ 53. hxg6+ Kg7 54. f6+ Kf8 55. f7 Kg7 56. Kf5 Kf8 57. Kf6 e4 58. g7# 1-0

[Event "GER-ch U25-A"]
[Site "Willingen"]
[Date "2017.06.07"]
[Round "6"]
[White "Lossin, Charlotte"]
[Black "Werner, Tom"]
[Result "0-1"]
[WhiteElo "1319"]
[BlackElo "1534"]
[PlyCount "98"]
[EventDate "2017.06.04"]
[EventType "swiss"]
[EventRounds "9"]
[EventCountry "GER"]
[SourceTitle "CBM 178 Extra"]
[Source "ChessBase"]
[SourceDate "2017.06.22"]
[SourceVersion "1"]
[SourceVersionDate "2017.06.22"]
[SourceQuality "1"]

1. d4 d5 2. c4 e6 3. Nc3 Nf6 4. Bg5 Be7 5. e3 0-0 6. Nf3 a6 7. a4 b6 8. cxd5 Nxd5 9. Bxe7 Qxe7 10. Nxd5 exd5 11. Bd3 Be6 12. Qc2 g6 13. 0-0 c5 14. b3 Rc8 15. dxc5 bxc5 16. Rfc1 Qc7 17. Ng5 Qe7 18. Nxe6 Qxe6 19. Qc3 Nd7 20. Rc2 Ne5 21. Rac1 Rc6 22. Be2 Rac8 23. f4 Nd7 24. Qd2 Re8 25. Kf2 Nf6 26. Bf3 Rec8 27. Rd1 Ne4+ 28. Bxe4 dxe4 29. Qd5 Qxd5 30. Rxd5 R6c7 31. g4 c4 32. bxc4 Rxc4 33. Rxc4 Rxc4 34. Rd4 Rxd4 35. exd4 f5 36. g5 Kf7 37. Ke3 Ke6 38. Kd2 Kd5 39. Kc3 a5 40. h3 e3 41. Kd3 e2 42. Kxe2 Kxd4 43. Kf3 Kc4 44. Ke2 Kb4 45. Kd2 Kxa4 46. Kc3 Kb5 47. Kb3 Kc5 48. Kc3 Kd5 49. Kd3 a4 0-1

[Event "GER-ch U25-A"]
[Site "Willingen"]
[Date "2017.06.05"]
[Round "3"]
[White "Lossin, Charlotte"]
[Black "Zha, Kevin"]
[Result "0-1"]
[WhiteElo "1319"]
[BlackElo "1591"]
[PlyCount "78"]
[EventDate "2017.06.04"]
[EventType "swiss"]
[EventRounds "9"]
[EventCountry "GER"]
[SourceTitle "CBM 178 Extra"]
[Source "ChessBase"]
[SourceDate "2017.06.22"]
[SourceVersion "1"]
[SourceVersionDate "2017.06.22"]
[SourceQuality "1"]

1. d4 g6 2. c4 Nf6 3. Nc3 Bg7 4. e4 d6 5. h3 0-0 6. Bd3 c5 7. d5 e6 8. Nge2 exd5 9. cxd5 Nbd7 10. Be3 a6 11. a4 Re8 12. f4 Qc7 13. g4 c4 14. Bc2 Nc5 15. Ng3 b6 16. g5 Nfd7 17. h4 Bb7 18. h5 b5 19. Ke2 b4 20. h6 Bh8 21. Bd4 f6 22. f5 bxc3 23. fxg6 hxg6 24. h7+ Kf7 25. gxf6 Nxf6 26. Qf1 Bxd5 27. Bxf6 Bxf6 28. h8Q Rxh8 29. exd5 Rae8+ 30. Kd1 cxb2 31. Ra3 Nd7 32. Rxh8 Rxh8 33. Rc3 Qb7 34. Kd2 Qxd5+ 35. Ke1 Qe5+ 36. Ne2 Qd5 37. Ng3 Re8+ 38. Ne2 Ne5 39. Rh3 Kg7 0-1

[Event "Daehne Cup Region 15/16 IV Rest"]
[Site "Isernhagen"]
[Date "2016.05.29"]
[Round "3"]
[White "Daehn, Patrick"]
[Black "Lossin, Charlotte"]
[Result "1-0"]
[WhiteElo "1359"]
[BlackElo "1226"]
[PlyCount "53"]
[EventDate "2016.05.??"]
[EventType "swiss"]
[EventCountry "GER"]
[SourceTitle "EXT 2022"]
[Source "ChessBase"]
[SourceDate "2021.10.06"]
[SourceVersion "1"]
[SourceVersionDate "2021.10.06"]
[SourceQuality "1"]

1. e4 e6 2. Nc3 Bb4 3. Bc4 Ne7 4. Qf3 b6 5. Qg3 Ng6 6. Nb5 d6 7. a3 Bc5 8. b4 a6 9. bxc5 axb5 10. Bxb5+ Kf8 11. cxd6 cxd6 12. a4 Bb7 13. d3 Qc7 14. c4 Nd7 15. Ba3 Nc5 16. Ne2 e5 17. 0-0 Ke7 18. f4 Rhg8 19. fxe5 dxe5 20. d4 Bxe4 21. dxc5 bxc5 22. Rae1 Bc2 23. Nd4 Nf4 24. Rxe5+ Qxe5 25. Re1 Be4 26. Nc6+ Kf6 27. Nxe5 1-0

[Event "Daehne Cup Region 15/16 IV Rest"]
[Site "Isernhagen"]
[Date "2016.05.28"]
[Round "2"]
[White "Lossin, Charlotte"]
[Black "Poschadel, Andreas Gregor"]
[Result "0-1"]
[WhiteElo "1226"]
[BlackElo "1436"]
[PlyCount "110"]
[EventDate "2016.05.??"]
[EventType "swiss"]
[EventCountry "GER"]
[SourceTitle "EXT 2022"]
[Source "ChessBase"]
[SourceDate "2021.10.06"]
[SourceVersion "1"]
[SourceVersionDate "2021.10.06"]
[SourceQuality "1"]

1. d4 d5 2. c4 c6 3. Nc3 Nf6 4. Bg5 Bf5 5. e3 e6 6. Nf3 Nbd7 7. Nh4 Bg6 8. Nxg6 hxg6 9. Be2 Qc7 10. h3 Be7 11. Qd3 0-0 12. 0-0-0 Nb6 13. c5 Nbd7 14. g4 b6 15. cxb6 axb6 16. h4 Bb4 17. a3 Be7 18. h5 gxh5 19. gxh5 Kh8 20. h6 g6 21. e4 dxe4 22. Bxf6+ Nxf6 23. Qe3 Nd5 24. Qg3 Qxg3 25. fxg3 Nxc3 26. bxc3 Bxa3+ 27. Kc2 Rad8 28. Ba6 Be7 29. Bb7 f5 30. Bxc6 Rd6 31. Ba4 Rc8 32. Bb3 Rdc6 33. Kb1 Rd6 34. Kb2 Bf6 35. Ra1 e5 36. d5 g5 37. Rae1 Be7 38. Rhf1 Rf6 39. Rh1 Bc5 40. Re2 Kh7 41. Rh5 Rg6 42. Ba4 Rd8 43. c4 Bd4+ 44. Kb3 Bc5 45. Bc6 Rdg8 46. Bd7 Rf8 47. g4 f4 48. Bf5 e3 49. Bxg6+ Kxg6 50. Reh2 f3 51. h7 Rh8 52. Kc3 f2 53. Rh1 e2 54. Rh6+ Kg7 55. Kd2 f1Q 0-1